000
00345pab a2200145 454500
008
180718b2006 xxu||||| |||| 00| 0 eng d
100
_a
Wolbring, Gregor
245
_a
Nanotechnology for health and development
260
_c
2006
300
_a
p.6-15.
362
_a
Dec
650
_a
Health services
773
_a
Development
909
_a
73125
999
_c
73125
_d
73125